00746 2200169 4500245005700000020002200057250001100079100001800090700001900108650001700127005001900144260002900163041001400192084001000206300002600216500033400242 aCINTA (TAK) BISA SALAHcCINTA (TAK) BISA SALAHhText a978-602-6805-97-3 aCet. 1 aDimas Aditiya aGita Romadhona aNovel Remaja a20230926082929 aJakartabKataDepanc2016 aIndonesia a808.8 a224 hlm :c13 x 19 cm aSudah lama Adit menyukai Bintang, gadis manis teman sekelasnya. Namun, Adit masih bertahan di zona nyaman 'pertemanan', dia nggak melakukan apa-apa buat ngasih tahu ke Bintang, kalau ada rasa lain dalam hatinya dan ingin selalu menghabiskan waktu bersama gadis manis iyu. Baginya, kedekatan dia sama Bintang saat ini sudah cukup.